Verejná správa a rozvoj

V dňoch 15.-19. apríla 1996 sa uskutočnilo v hlavnom sídle OSN v New Yorku obnovené 50. Valné zhromaždenie. Ústrednou témou rokovania bola problematika verejnej správy a jej ďalšieho rozvoja. Program OSN pre verejnú správu a financie. Otázky ekonomiky, ktoré súvisia s reformou verejnej správy. Skúse...

Descripción completa

Guardado en:
Detalles Bibliográficos
Autor principal: Bečica, S.
Formato: Capítulo de libro
Lenguaje:eslovaco
Materias:
Etiquetas: Agregar Etiqueta
Sin Etiquetas, Sea el primero en etiquetar este registro!

MARC

LEADER 00000naa a2200000 4500
001 r021236
005 20230825075444.4
041 0 |a slo 
044 |a SK 
245 1 0 |a Verejná správa a rozvoj  |c S. Bečica 
520 |a V dňoch 15.-19. apríla 1996 sa uskutočnilo v hlavnom sídle OSN v New Yorku obnovené 50. Valné zhromaždenie. Ústrednou témou rokovania bola problematika verejnej správy a jej ďalšieho rozvoja. Program OSN pre verejnú správu a financie. Otázky ekonomiky, ktoré súvisia s reformou verejnej správy. Skúsenosti a poznatky reformy verejnej správy Slovenska a niektorých ďalších krajín - Francúzska, Rakúska, Ruska, Brazílie, Izraela, SRN, Maďarska. 
610 2 0 |a zhromaždenia valné 
610 2 0 |a OSN 
610 2 0 |a 1996 
610 2 0 |a správa verejná 
610 2 0 |a reformy 
610 2 0 |a správa štátna 
610 2 0 |a Slovensko 
610 2 0 |a Rakúsko 
610 2 0 |a Nemecko 
610 2 0 |a Maďarsko 
610 2 0 |a Brazília 
610 2 0 |a Izrael 
100 1 |a Bečica, S.